000 00458nam a2200181Ia 4500
008 240925s9999 xx 000 0 und d
020 _aNA
082 _a796.44 JOH
100 _aJohnston, Brian
245 0 _aAll About Cricket Brian Johnston
250 _aNA
260 _aLondon:
_bW.H.Allen & Co
_c,1972.
300 _a234p.
_bN.A
_fOriginal
500 _aNA
600 _aHumanities & Natural Science
650 _aArts and Recreation
942 _cBK
999 _c12049
_d12049